[Event "Madrid-ch final"]
[Site "Madrid"]
[Date "2020.07.18"]
[Round "1"]
[White "Rodriguez Diaz, Alberto Jose"]
[Black "Renteria Becerra, Jorge Elicer"]
[Result "0-1"]
[WhiteElo "1918"]
[BlackElo "2308"]
[PlyCount "64"]
[EventDate "2020.07.18"]
[EventType "swiss"]
[EventRounds "7"]
[EventCountry "ESP"]
[SourceTitle "EXT 2021"]
[Source "ChessBase"]
[SourceDate "2020.10.23"]
[SourceVersion "1"]
[SourceVersionDate "2020.10.23"]
[SourceQuality "1"]

1. f4 g6 2. g3 Bg7 3. Bg2 c5 4. Nf3 Nf6 5. d3 d5 6. 0-0 d4 7. Nbd2 0-0 8. e4 dxe3 9. Nc4 Nd5 10. Qe2 Nc6 11. c3 Bf5 12. Rd1 Bxc3 13. Nxe3 Nxe3 14. Bxe3 Nd4 15. Qf2 Nxf3+ 16. Bxf3 Bd4 17. Bxd4 cxd4 18. Bxb7 Rb8 19. Be4 Bg4 20. Rdc1 Qb6 21. Rc2 Rfc8 22. Rac1 Rxc2 23. Rxc2 Be6 24. b3 Rc8 25. Rxc8+ Bxc8 26. Qc2 Be6 27. Kf2 Kg7 28. Bc6 a5 29. Ke2 h5 30. Kd1 Qb4 31. Qb2 Bg4+ 32. Kc1 Qe1+ 0-1

[Event "Madrid San Viator op 18th"]
[Site "Madrid"]
[Date "2012.05.13"]
[Round "6"]
[White "Sanchez Lopez, Maria"]
[Black "Rodriguez Diaz, Alberto Jose"]
[Result "1/2-1/2"]
[WhiteElo "1799"]
[BlackElo "1979"]
[PlyCount "125"]
[EventDate "2012.03.25"]
[EventType "swiss"]
[EventRounds "9"]
[EventCountry "ESP"]
[SourceTitle "EXT 2013"]
[Source "ChessBase"]
[SourceDate "2012.11.22"]
[SourceVersion "1"]
[SourceVersionDate "2012.11.22"]
[SourceQuality "1"]

1. d4 d5 2. c4 c6 3. Nf3 Nf6 4. Nc3 dxc4 5. a4 Bf5 6. Ne5 Nbd7 7. Nxc4 Nb6 8. Ne5 a5 9. f3 Nfd7 10. Nd3 e6 11. e4 Bg6 12. Be3 Bd6 13. Qb3 Qc7 14. g3 0-0 15. Rc1 Qb8 16. Bg2 Bc7 17. 0-0 Kh8 18. Rfd1 Nc8 19. Bf4 Nd6 20. Kh1 Re8 21. Bh3 f5 22. e5 Nc8 23. Be3 Ne7 24. f4 Nd5 25. Nxd5 cxd5 26. Qb5 Nb6 27. Nc5 Re7 28. Bf1 Be8 29. Qb3 Bd8 30. Qa3 Nc4 31. Bxc4 dxc4 32. Nxe6 Bc6+ 33. d5 Bd7 34. Nd4 b5 35. axb5 Bxb5 36. Nxf5 Qb7 37. Nxe7 Bxe7 38. Bc5 Rd8 39. Bxe7 Rxd5 40. Kg1 Qb6+ 41. Bc5 Qe6 42. Be3 h6 43. Rxd5 Qxd5 44. Qc5 Qe4 45. g4 Bd7 46. Qd4 Qf3 47. Rf1 Qxg4+ 48. Kf2 Qh4+ 49. Ke2 Qxh2+ 50. Bf2 Bg4+ 51. Kd2 Be6 52. Qe3 Qg2 53. Rg1 Qb7 54. Qd4 Qb3 55. Qc3 Qb5 56. Rg6 Bf5 57. Rd6 Qa4 58. Ke3 Qb5 59. Qd4 Qb3+ 60. Qc3 Qb5 61. Kf3 Qb7+ 62. Kg3 Qh1 63. Qf3 1/2-1/2

[Event "Madrid San Viator op 18th"]
[Site "Madrid"]
[Date "2012.05.06"]
[Round "5"]
[White "Rodriguez Diaz, Alberto Jose"]
[Black "Magan Gonzalez, Alberto"]
[Result "1-0"]
[WhiteElo "1979"]
[BlackElo "1828"]
[PlyCount "71"]
[EventDate "2012.03.25"]
[EventType "swiss"]
[EventRounds "9"]
[EventCountry "ESP"]
[SourceTitle "EXT 2013"]
[Source "ChessBase"]
[SourceDate "2012.11.22"]
[SourceVersion "1"]
[SourceVersionDate "2012.11.22"]
[SourceQuality "1"]

1. e4 c5 2. c4 Nc6 3. Nc3 d6 4. Nge2 g6 5. d3 Bg7 6. Ng3 e6 7. Be2 Nge7 8. f4 a6 9. 0-0 Rb8 10. a4 Nd4 11. Bg4 f5 12. exf5 exf5 13. Bf3 0-0 14. Nd5 Nxf3+ 15. Qxf3 Bd7 16. Nxe7+ Qxe7 17. Qd1 Rfe8 18. Ra2 b5 19. axb5 axb5 20. b3 Bc6 21. Bb2 Qe3+ 22. Kh1 Bxb2 23. Rxb2 Qd4 24. Re2 Rxe2 25. Nxe2 Qb2 26. d4 Re8 27. d5 Bd7 28. Ng1 bxc4 29. bxc4 Qc3 30. Qc1 Qb4 31. Nf3 Re4 32. Nd2 Re2 33. Nf3 Ba4 34. Ng5 Rc2 35. Qe3 Bd7 36. Qe7 1-0

[Event "Madrid San Viator op 18th"]
[Site "Madrid"]
[Date "2012.04.22"]
[Round "4"]
[White "Sierra Soria, Maria"]
[Black "Rodriguez Diaz, Alberto Jose"]
[Result "0-1"]
[WhiteElo "1766"]
[BlackElo "1979"]
[PlyCount "140"]
[EventDate "2012.03.25"]
[EventType "swiss"]
[EventRounds "9"]
[EventCountry "ESP"]
[SourceTitle "EXT 2013"]
[Source "ChessBase"]
[SourceDate "2012.11.22"]
[SourceVersion "1"]
[SourceVersionDate "2012.11.22"]
[SourceQuality "1"]

1. e4 c5 2. Nf3 Nc6 3. d4 cxd4 4. Nxd4 d6 5. c4 g6 6. Nc3 Bg7 7. Be3 Nf6 8. Be2 0-0 9. 0-0 h6 10. f3 Kh7 11. Qd2 Nd7 12. Rad1 Nxd4 13. Bxd4 Bxd4+ 14. Qxd4 Qb6 15. Qxb6 Nxb6 16. Nd5 Nxd5 17. exd5 Bd7 18. Bd3 Kg7 19. f4 Rad8 20. f5 gxf5 21. Bxf5 e6 22. dxe6 fxe6 23. Bg4 Rxf1+ 24. Kxf1 Bc8 25. Ke2 Kf6 26. Ke3 b6 27. Bf3 e5 28. Bd5 Ke7 29. Rd3 Bf5 30. Ra3 Rd7 31. Rc3 Kf6 32. Rc1 Bg6 33. Rf1+ Kg7 34. Rf3 Rd8 35. Rg3 Kf6 36. Rh3 Kg7 37. Rf3 Rf8 38. Rxf8 Kxf8 39. Kf3 Ke7 40. Be4 Bf7 41. b3 Kf6 42. Kg4 Be6+ 43. Kf3 Kg5 44. h3 h5 45. a3 a5 46. Bd3 d5 47. Ke3 d4+ 48. Kf3 Bd7 49. Be4 Bc8 50. b4 axb4 51. axb4 Kf6 52. c5 bxc5 53. bxc5 h4 54. Ke2 Ba6+ 55. Kf3 Kg5 56. c6 Bc8 57. Bd5 Kf5 58. Be4+ Kf6 59. Bd3 Ke7 60. Ke4 Kd6 61. Kf3 Kxc6 62. g3 hxg3 63. Be4+ Kd6 64. Kxg3 Ke7 65. h4 Kf6 66. Kf2 Bf5 67. Bf3 e4 68. Bh5 Ke5 69. Be8 Kf4 70. Ke2 d3+ 0-1

[Event "Madrid San Viator op 18th"]
[Site "Madrid"]
[Date "2012.04.01"]
[Round "2"]
[White "Tolosana Esteban, Enrique"]
[Black "Rodriguez Diaz, Alberto Jose"]
[Result "1-0"]
[WhiteElo "1743"]
[BlackElo "1979"]
[PlyCount "82"]
[EventDate "2012.03.25"]
[EventType "swiss"]
[EventRounds "9"]
[EventCountry "ESP"]
[SourceTitle "EXT 2013"]
[Source "ChessBase"]
[SourceDate "2012.11.22"]
[SourceVersion "1"]
[SourceVersionDate "2012.11.22"]
[SourceQuality "1"]

1. c4 g6 2. Nc3 c5 3. e3 Bg7 4. g3 Nc6 5. Bg2 d6 6. Nge2 e5 7. Nd5 Nge7 8. Nec3 0-0 9. 0-0 Nxd5 10. Nxd5 Ne7 11. Nc3 Rb8 12. a3 b6 13. Qa4 a6 14. b4 b5 15. cxb5 axb5 16. Qa7 Bb7 17. bxc5 Bxg2 18. Kxg2 Ra8 19. Qb7 Rb8 20. Qa6 dxc5 21. Nxb5 Qd3 22. Qd6 Qxb5 23. Qxe7 e4 24. a4 Qc4 25. Ra3 Rb1 26. d3 exd3 27. Bd2 Rxf1 28. Kxf1 Qc2 29. Qd6 Qxd2 30. Rxd3 Qc2 31. a5 c4 32. Rd2 Qb1+ 33. Rd1 Qb5 34. Rd5 Qb1+ 35. Rd1 Qa2 36. Qd5 Qb3 37. a6 Qa4 38. a7 Qa6 39. Qd7 c3+ 40. Kg2 Rc8 41. Ra1 Qc6+ 1-0

[Event "Madrid San Viator op 18th"]
[Site "Madrid"]
[Date "2012.03.25"]
[Round "1"]
[White "Rodriguez Diaz, Alberto Jose"]
[Black "Lopez Guitian, Juan J"]
[Result "1-0"]
[WhiteElo "1979"]
[BlackElo "1506"]
[PlyCount "83"]
[EventDate "2012.03.25"]
[EventType "swiss"]
[EventRounds "9"]
[EventCountry "ESP"]
[SourceTitle "EXT 2013"]
[Source "ChessBase"]
[SourceDate "2012.11.22"]
[SourceVersion "1"]
[SourceVersionDate "2012.11.22"]
[SourceQuality "1"]

1. e4 e6 2. d4 c5 3. Nf3 a6 4. c3 Nf6 5. Bd3 d5 6. Nbd2 Nc6 7. exd5 Qxd5 8. Nc4 Qd8 9. Nce5 Qc7 10. 0-0 Bd6 11. Nxc6 Qxc6 12. Ne5 Qc7 13. f4 g6 14. Qa4+ Bd7 15. Nxd7 Nxd7 16. Kh1 0-0 17. Be4 Rac8 18. Qd1 Nf6 19. Bc2 cxd4 20. Qxd4 Be7 21. Qf2 b5 22. Qf3 Nd5 23. Be4 Nf6 24. Bc2 Rfd8 25. Be3 b4 26. Rac1 bxc3 27. bxc3 Ba3 28. Rcd1 Rxd1 29. Rxd1 Bb2 30. Bd3 Nd5 31. Bxa6 Ra8 32. c4 Rxa6 33. cxd5 exd5 34. Qxd5 Bf6 35. Rc1 Qb8 36. Qd7 Kg7 37. a4 Qb3 38. Qe8 Rxa4 39. Rc8 g5 40. Qg8+ Kh6 41. fxg5+ Kh5 42. Qxh7+ 1-0

[Event "Madrid Oliver Gonzalez Memorial 2nd"]
[Site "Madrid"]
[Date "2011.10.16"]
[Round "9"]
[White "Pinel Mirasierra, Jose Pablo"]
[Black "Rodriguez Diaz, Alberto Jose"]
[Result "1-0"]
[WhiteElo "2097"]
[BlackElo "1978"]
[PlyCount "76"]
[EventDate "2011.10.08"]
[EventType "swiss"]
[EventRounds "9"]
[EventCountry "ESP"]
[SourceTitle "CBM 144 Extra"]
[Source "ChessBase"]
[SourceDate "2011.10.28"]
[SourceVersion "1"]
[SourceVersionDate "2011.10.28"]
[SourceQuality "1"]

1. d4 d5 2. c4 c6 3. g3 Nf6 4. Bg2 e6 5. Nf3 Bd6 6. Qc2 Nbd7 7. 0-0 Ne4 8. Nc3 f5 9. Nxe4 fxe4 10. Ng5 Qf6 11. Be3 h6 12. Nh3 g5 13. f3 exf3 14. Bxf3 Qg7 15. Bh5+ Kd8 16. Rf7 Qg8 17. Raf1 e5 18. Qf5 Be7 19. Qe6 Qe8 20. Rh7 Rxh7 21. Bxe8 Nf8 22. Qg8 Be6 23. Bf7 Bxh3 24. Rf2 Kd7 25. dxe5 Rd8 26. cxd5 cxd5 27. Bxd5 Kc7 28. Rf7 Rxd5 29. Rxe7+ Kc6 30. Bd4 Rxe7 31. Qxf8 Rh7 32. Qb4 b5 33. Qc3+ Kd7 34. Kf2 Rf7+ 35. Ke3 Bg2 36. Bxa7 Re7 37. Bd4 Ke6 38. Qc6+ Kf5 1-0

[Event "Patrimonio op 2nd"]
[Site "Alcala de Henares"]
[Date "2007.10.10"]
[Round "4"]
[White "Lopez Andujar Ocana, Antonio"]
[Black "Rodriguez Diaz, Alberto Jose"]
[Result "1-0"]
[WhiteElo "2162"]
[BlackElo "1938"]
[PlyCount "67"]
[EventDate "2007.10.07"]
[EventType "swiss"]
[EventRounds "9"]
[EventCountry "ESP"]
[SourceTitle "EXT 2008"]
[Source "ChessBase"]
[SourceDate "2007.11.25"]
[SourceVersion "1"]
[SourceVersionDate "2007.11.25"]
[SourceQuality "1"]

1. e4 e5 2. f4 exf4 3. Nf3 d6 4. b3 Be7 5. Bc4 Be6 6. 0-0 Nd7 7. d4 g5 8. Bxe6 fxe6 9. Nxg5 Bxg5 10. Qh5+ Kf8 11. Bxf4 Bxf4 12. Rxf4+ Ndf6 13. Nc3 Ke7 14. Qg5 Qf8 15. Raf1 h6 16. Qh4 Kd7 17. e5 dxe5 18. dxe5 Qc5+ 19. Rd4+ Nd5 20. Nxd5 exd5 21. b4 Qe7 22. Rxd5+ Kc8 23. Qg4+ Kb8 24. Qg7 b6 25. Qxh8 Kb7 26. e6 Qxe6 27. Qe5 Qc6 28. b5 Qxc2 29. Kh1 Rf8 30. Rdd1 Qd3 31. Rfe1 Qf5 32. Qxf5 Rxf5 33. a4 Nf6 34. Rf1 1-0